| 000 | 00717nam a2200253Ia 4500 | ||
|---|---|---|---|
| 003 | OSt | ||
| 005 | 20251024112220.0 | ||
| 008 | 210423s2010 xx 000 0 und d | ||
| 020 | _a9788126914340 | ||
| 040 | _cAL | ||
| 041 | _aEnglish | ||
| 082 |
_a807.11 _bGORS |
||
| 100 |
_aPaul Goring _993171 |
||
| 245 |
_aStudying literature _b: the essential companion |
||
| 250 | _a2 | ||
| 260 |
_aNew Delhi _bAtlantic Publishers and Distributors _c2010 |
||
| 300 |
_aix,470p. _bPB _c23.4x15.5cm. |
||
| 365 |
_b695 _cINR |
||
| 650 |
_aLiterature _993172 |
||
| 700 |
_aHawthorn, Jeremy _9242667 |
||
| 700 |
_aMitchell, Domhnall _9242668 |
||
| 906 | _acompanion ; essential ; literature: ; Studying | ||
| 942 |
_2ddc _cBK |
||
| 999 |
_c161089 _d161089 |
||